000 00911nam a2200217Ia 4500
999 _c39901
_d39901
001 6506
003 GE_BSU
005 20191120104406.0
008 181216s1989||||g |||||||||||||| ||ge ||
040 _cGE_BSU
041 _ageo
080 _a82-93 გ-12
100 _aგაბაშვილი, ეკატერინე
_95468
245 _aმაგდანას ლურჯა :
_bმოთხრობები /
_cეკატერინე გაბაშვილი ; რედ. ე. მოისწრაფიშვილი.
264 _aთბილისი :
_bსაბჭ.საქართველო,
_c1989.
300 _a159 გვ. :
_bილ. ;
_c21 სმ.
653 _aმაგდანას ლურჯა
653 _aმოთხრობები
700 _aმოისწრაფიშვილი, ე.
_eრედაქტორი
_95469
942 _cBK
_2udc